Operations management (Record no. 152627)

MARC details
000 -LEADER
fixed length control field 00373nam a2200157Ia 4500
008 - FIXED-LENGTH DATA ELEMENTS--GENERAL INFORMATION
fixed length control field 230917s9999||||xx |||||||||||||| ||und||
040 ## - CATALOGING SOURCE
-- 149248
Original cataloging agency VIVEKANANDA LIBRARY
041 ## - Language
-- English
082 ## - DDC NUMBER
Classification number 658.5 H366O
100 ## - MAIN ENTRY--PERSONAL NAME
Personal name Heizer, Jay
245 #0 - TITLE STATEMENT
Title Operations management
250 ## - EDITION STATEMENT
Edition statement 9th ed.
260 ## - PUBLICATION, DISTRIBUTION, ETC. (IMPRINT)
Place of publication, distribution, etc Chennai
Name of publisher, distributor, etc Pearson Education
Date of publication, distribution, etc 2009
300 ## - PHYSICAL DESCRIPTION
Pages 762p p.
942 ## - ADDED ENTRY ELEMENTS (KOHA)
Koha item type Books
Holdings
Withdrawn status Lost status Damaged status Not for loan Location (home branch) Sublocation or collection (holding branch) Shelving location Date acquired Koha issues (times borrowed) Koha full call number Accession No. Koha date last seen Koha item type
        VIVEKANANDA LIBRARY VIVEKANANDA LIBRARY IMSAR Library 29/03/2010   658.5 H366O 276097 17/09/2023 Books
        VIVEKANANDA LIBRARY VIVEKANANDA LIBRARY IMSAR Library 29/03/2010   658.5 H366O 276098 17/09/2023 Books
        VIVEKANANDA LIBRARY VIVEKANANDA LIBRARY IMSAR Library 29/03/2010   658.5 H366O 276099 17/09/2023 Books
        VIVEKANANDA LIBRARY VIVEKANANDA LIBRARY IMSAR Library 29/03/2010   658.5 H366O 276100 17/09/2023 Books
        VIVEKANANDA LIBRARY VIVEKANANDA LIBRARY   29/03/2010   658.5 H366O 302344 17/09/2023 Books
        VIVEKANANDA LIBRARY VIVEKANANDA LIBRARY   29/03/2010   658.5 H366O 302345 17/09/2023 Books
        VIVEKANANDA LIBRARY VIVEKANANDA LIBRARY   29/03/2010   658.5 H366O 302346 17/09/2023 Books
© Designed and Maintained by Vivekananda Library, MDU Rohtak